| 000 | 01169nam a22002777a 4500 | ||
|---|---|---|---|
| 999 |
_c113427 _d113427 |
||
| 003 | dpl | ||
| 005 | 20181206145314.0 | ||
| 008 | 181206b ||||| |||| 00| 0 eng d | ||
| 010 | _aB-016526 | ||
| 020 |
_c195.00 _a8171194559 |
||
| 035 | _aB-016526, B-016540 | ||
| 037 | _bCen Lib/Ret | ||
| 040 |
_aDPL _bHN _c0 |
||
| 082 |
_aउ _bदीक्षित |
||
| 100 |
_aदीक्षित, जगदंबाप्रसाद _952191 |
||
| 245 |
_aकटा हुआ आसमान / _cजगदंबाप्रसाद दीक्षित |
||
| 246 |
_aKata hua aasman / _bby Jagdamba Prasad Dikshit |
||
| 260 |
_aनयी दिल्ली _bराधाकृष्णा प्रकाशन _c1971 |
||
| 270 |
_a2/38, अंसारी मार्ग, दरिया गंज _bनयी दिल्ली _e110002 |
||
| 300 |
_a179पृ. _c21सेमी (सजिल्द) |
||
| 650 |
_aहिन्दी साहित्य _952192 |
||
| 650 |
_aहिन्दी उपन्यास _952193 |
||
| 650 |
_aHindi literature _952194 |
||
| 650 |
_aHindi novel _952195 |
||
| 942 |
_2ddc _cHN _hउ _mदीक्षित |
||